[Event "C.to Regionale Sardegna"]
[Site "Sardara ITA"]
[Date "2011.05.21"]
[Round "2"]
[White "Pannella, Antonello"]
[Black "Masala, Diego"]
[Result "0-1"]
[WhiteElo "1511"]
[BlackElo "1849"]
[PlyCount "88"]
[EventDate "2011.05.23"]

1. c4 Nf6 2. Nc3 g6 3. e4 d6 4. d4 Bg7 5. Nf3 O-O 6. Bf4 Bg4 7. Be2 Nfd7 8. Qd2
Re8 9. O-O-O Bxf3 10. gxf3 c5 11. Be3 Nc6 12. dxc5 Nxc5 13. h4 Qa5 14. Bxc5
dxc5 15. a3 Nd4 16. Qe3 a6 17. Rd3 b5 18. cxb5 axb5 19. Nb1 b4 20. h5 bxa3 21.
Rxa3 Qb4 22. hxg6 fxg6 23. e5 Reb8 24. Kd1 Qxb2 25. Bc4+ Kh8 26. Qc1 Qxc1+ 27.
Kxc1 Rxb1+ 28. Kxb1 Rxa3 29. Bf7 Bxe5 30. Bxg6 Kg7 31. Be4 h6 32. Rg1+ Kh8 33.
Rg6 Bf4 34. Kb2 Rb3+ 35. Ka2 c4 36. Bd5 Rc3 37. Rg8+ Kh7 38. Rf8 e5 39. Rc8
Rc2+ 40. Kb1 Rc1+ 41. Kb2 c3+ 42. Rxc3 Rxc3 43. Kxc3 Kg6 44. Kd3 h5 0-1

[Event "C.to Regionale Sardegna"]
[Site "Sardara ITA"]
[Date "2011.05.21"]
[Round "2"]
[White "Passalacqua, Tullio"]
[Black "Sanna, Yuri"]
[Result "0-1"]
[WhiteElo "1479"]
[BlackElo "1779"]
[PlyCount "68"]
[EventDate "2011.05.23"]

1. d4 e5 2. c3 d5 3. dxe5 f6 4. e4 c6 5. Qh5+ g6 6. Qd1 fxe5 7. Ne2 Nf6 8. Ng3
Bg7 9. Bg5 O-O 10. exd5 cxd5 11. Qb3 Kh8 12. Bb5 Nc6 13. O-O Be6 14. Qc2 Rc8
15. Qe2 Qc7 16. Nd2 Nd8 17. Nf3 Nf7 18. Ba4 Bg4 19. Bxf6 Bxf6 20. h3 Bf5 21.
Nxf5 gxf5 22. Bc2 e4 23. Ne1 Rg8 24. Qd2 Ng5 25. Qxd5 Nxh3+ 26. Kh1 Rg5 27.
gxh3 Rh5 28. f4 Rg8 29. Kh2 Qg7 30. Qxg8+ Qxg8 31. Ng2 Qg4 32. Bb3 Qxh3+ 33.
Kg1 e3 34. Nh4 Rxh4 0-1

[Event "C.to Regionale Sardegna"]
[Site "Sardara ITA"]
[Date "2011.05.21"]
[Round "2"]
[White "Putzolu, Marcello"]
[Black "Magrini, Fabrizio"]
[Result "0-1"]
[WhiteElo "1824"]
[BlackElo "2158"]
[PlyCount "86"]
[EventDate "2011.05.23"]

1. d4 Nf6 2. c4 g6 3. Nc3 d5 4. e3 Bg7 5. Nf3 O-O 6. cxd5 Nxd5 7. Bc4 Nxc3 8.
bxc3 c5 9. O-O Nc6 10. Ba3 cxd4 11. exd4 Qa5 12. Qb3 Bg4 13. Ne5 Nxe5 14. dxe5
Bxe5 15. Bxe7 Bxh2+ 16. Kxh2 Qe5+ 17. Kg1 Qxe7 18. Rfe1 Qc5 19. Bd5 Rad8 20. c4
b5 21. Qe3 Rc8 22. Qxc5 Rxc5 23. Rac1 Rfc8 24. f3 Bf5 25. Bb7 R8c7 26. Ba6 bxc4
27. Rc3 Kg7 28. Kf2 Be6 29. Rec1 Ra5 30. Bxc4 Rac5 31. Ra3 Rxc4 32. Rxc4 Bxc4
33. Rc3 Rc8 34. Ra3 a6 35. Ke3 Kf6 36. Kd4 Bf1 37. g3 h5 38. f4 Rc2 39. f5 g5
40. Ra5 h4 41. gxh4 gxh4 42. Ra3 h3 43. Rf3 Rc4+ 0-1

[Event "C.to Regionale Sardegna"]
[Site "Sardara ITA"]
[Date "2011.05.21"]
[Round "2"]
[White "Saccheri, Fabio"]
[Black "Ricci, Maurizio"]
[Result "1-0"]
[WhiteElo "1875"]
[BlackElo "1287"]
[PlyCount "73"]
[EventDate "2011.05.23"]

1. e4 e6 2. d4 d5 3. e5 c5 4. f4 Nc6 5. Nf3 Nge7 6. Be3 Nf5 7. Bf2 Qb6 8. b3
cxd4 9. Bd3 Ne3 10. Bxe3 dxe3 11. Qe2 Be7 12. O-O O-O 13. Nc3 a6 14. Na4 Qa7
15. c4 d4 16. Rac1 Bd7 17. c5 Nb4 18. Nb6 Rad8 19. Nxd7 Rxd7 20. a3 Nc6 21. b4
b6 22. Qc2 b5 23. Bxh7+ Kh8 24. Be4 Qc7 25. Qe2 g6 26. Ne1 Kg7 27. Qf3 d3 28.
Nxd3 Nxe5 29. Nxe5 Rd2 30. Qxe3 Rfd8 31. Nc6 R8d7 32. Nxe7 Ra2 33. Nc6 Rdd2 34.
Bf3 Qd7 35. Ne5 Qe7 36. c6 f6 37. c7 1-0

[Event "C.to Regionale Sardegna"]
[Site "Sardara ITA"]
[Date "2011.05.21"]
[Round "2"]
[White "Serra, Emanuele"]
[Black "Puzzoni, Christian"]
[Result "0-1"]
[WhiteElo "1786"]
[BlackElo "2089"]
[PlyCount "114"]
[EventDate "2011.05.23"]

1. c4 Nf6 2. g3 e5 3. Bg2 Bc5 4. Nc3 O-O 5. d3 d6 6. Nf3 c6 7. O-O Bf5 8. Na4
Nbd7 9. Nxc5 dxc5 10. b3 Qc7 11. Bb2 Rad8 12. Qe1 h6 13. Qc3 Rfe8 14. Rad1 Bg4
15. h3 Bh5 16. Rd2 b5 17. cxb5 cxb5 18. Nh4 Nb6 19. Rc2 Rc8 20. Rfc1 Nfd7 21.
g4 Qd8 22. Nf5 Qf6 23. Ng3 Bg6 24. Qa5 b4 25. a3 c4 26. bxc4 b3 27. Rc3 Nc5 28.
d4 exd4 29. Rf3 Qd6 30. Qd2 Rcd8 31. Rf4 Ne6 32. Rf3 Bc2 33. Nf5 Nxc4 34. Qxc2
bxc2 35. Nxd6 Rxd6 36. Rxc2 Nxb2 37. Rxb2 Rc8 38. Rfb3 Rc7 39. Rb8+ Kh7 40.
Be4+ g6 41. R8b7 Rdd7 42. a4 Rxb7 43. Bxb7 Nf4 44. Kh2 Nxe2 45. Ba6 Nc3 46. Rd2
Kg7 47. Bd3 Rd6 48. Kg2 Nxa4 49. Ra2 Nc5 50. Bc4 Rd7 51. Kf3 Re7 52. Ra5 Ne4
53. Bd3 Ng5+ 54. Kg3 Ne6 55. Rd5 Rc7 56. f4 Rc3 57. f5 Rxd3+ 0-1

[Event "C.to Regionale Sardegna"]
[Site "Sardara ITA"]
[Date "2011.05.21"]
[Round "2"]
[White "Toniolo, Massimo"]
[Black "Pitzanti, Matteo"]
[Result "1-0"]
[WhiteElo "1748"]
[BlackElo "1500"]
[PlyCount "99"]
[EventDate "2011.05.23"]

1. e4 d5 2. exd5 Qxd5 3. Nc3 Qa5 4. Nf3 Nf6 5. Be2 Bf5 6. O-O e6 7. d4 c6 8.
Bd2 Qc7 9. Ne5 Bd6 10. Bf4 Nbd7 11. Nxd7 Bxf4 12. Nxf6+ gxf6 13. g3 Bh3 14. Re1
Rg8 15. Bf3 O-O-O 16. Kh1 Rg7 17. gxf4 Rdg8 18. Ne2 Bg2+ 19. Bxg2 Rxg2 20. Rg1
Rxg1+ 21. Nxg1 Qxf4 22. Qe2 Qxd4 23. c3 Qd5+ 24. Nf3 e5 25. c4 Qe6 26. Rg1 Rg6
27. Rxg6 fxg6 28. b3 g5 29. Nd2 h6 30. Qe3 b6 31. c5 Qd5+ 32. Kg1 bxc5 33. Nc4
Qd1+ 34. Kg2 Qg4+ 35. Qg3 Qe6 36. Qh3 f5 37. Qd3 Kc7 38. Qc3 Qd5+ 39. f3 g4 40.
Qxe5+ Qxe5 41. Nxe5 gxf3+ 42. Kxf3 Kd6 43. Nf7+ Kd5 44. Nxh6 Ke5 45. h4 Kf6 46.
Kf4 Ke6 47. Nxf5 Kf6 48. h5 Kf7 49. Kg5 Kg8 50. Ne7+ 1-0

[Event "C.to Regionale Sardegna"]
[Site "Sardara ITA"]
[Date "2011.05.22"]
[Round "3"]
[White "Altea, Alessandro"]
[Black "Murgia, Stefano"]
[Result "1/2-1/2"]
[WhiteElo "1813"]
[BlackElo "1718"]
[PlyCount "47"]
[EventDate "2011.05.23"]

1. c4 e5 2. Nc3 Nf6 3. g3 Nc6 4. Bg2 Be7 5. Nf3 d5 6. cxd5 Nxd5 7. O-O Nb6 8.
d3 g5 9. a3 a5 10. Ne4 g4 11. Nfd2 f5 12. Nc3 O-O 13. b3 Be6 14. Nc4 Nd5 15.
Bb2 b5 16. Nxb5 Rb8 17. Nc3 Bc5 18. Na4 Ba7 19. Rb1 Qf6 20. Nc3 Rbd8 21. Rc1 f4
22. Ne4 Qh6 23. Kh1 Rf5 24. h4 1/2-1/2

[Event "C.to Regionale Sardegna"]
[Site "Sardara ITA"]
[Date "2011.05.22"]
[Round "3"]
[White "Boi, Fausto"]
[Black "Pitzanti, Aldo"]
[Result "1-0"]
[WhiteElo "1812"]
[BlackElo "1401"]
[PlyCount "57"]
[EventDate "2011.05.23"]

1. e3 e6 2. d3 c5 3. Nd2 Nc6 4. Ne2 d6 5. b3 g6 6. Bb2 e5 7. g3 Bg7 8. Bg2 Bd7
9. Nc4 Qc7 10. Nc3 Nce7 11. Bxb7 Rb8 12. Bg2 Bc6 13. e4 Nf6 14. O-O d5 15. exd5
Nfxd5 16. Ne4 Rd8 17. Nxc5 Bb5 18. Ne4 Bxc4 19. bxc4 Nf6 20. Nxf6+ Bxf6 21. Qf3
Bg7 22. Rfe1 f6 23. Ba3 O-O 24. Rab1 Rfe8 25. Rb7 Qa5 26. Bb4 Qxa2 27. Bxe7 Rb8
28. Bxf6 Bh6 29. Qd5+ 1-0

[Event "C.to Regionale Sardegna"]
[Site "Sardara ITA"]
[Date "2011.05.22"]
[Round "3"]
[White "Camboni, Paolo"]
[Black "Ibba, Isacco"]
[Result "0-1"]
[WhiteElo "1875"]
[BlackElo "2187"]
[PlyCount "74"]
[EventDate "2011.05.23"]

1. d4 d5 2. Bg5 Bf5 3. e3 Qd6 4. Nc3 c6 5. Bd3 Bxd3 6. Qxd3 f6 7. Bh4 e5 8.
dxe5 fxe5 9. O-O-O Nf6 10. Bxf6 gxf6 11. Qf5 Nd7 12. Qh5+ Kd8 13. Nf3 Qe6 14.
e4 d4 15. Rd3 Kc7 16. Rhd1 Nc5 17. Rxd4 exd4 18. Nxd4 Qe5 19. Qf7+ Be7 20. b4
Raf8 21. Qc4 Na6 22. Nxc6 bxc6 23. Qxa6 Rb8 24. Qxa7+ Rb7 25. Rd7+ Kxd7 26.
Qxb7+ Qc7 27. Qxc7+ Kxc7 28. a3 Ra8 29. Kb2 Bd6 30. Ne2 Re8 31. f3 Bxh2 32. c4
h5 33. a4 f5 34. Nc3 Be5 35. exf5 h4 36. Kc2 Bxc3 37. Kxc3 Rf8 0-1

[Event "C.to Regionale Sardegna"]
[Site "Sardara ITA"]
[Date "2011.05.22"]
[Round "3"]
[White "Cao, Carlo"]
[Black "Nessi, Davide"]
[Result "0-1"]
[WhiteElo "1461"]
[BlackElo "1756"]
[PlyCount "66"]
[EventDate "2011.05.23"]

1. e4 e5 2. Nf3 Nc6 3. Bb5 a6 4. Ba4 Nf6 5. d3 b5 6. Bb3 Be7 7. O-O O-O 8. c4
d6 9. h3 Na5 10. Bd2 Nxb3 11. axb3 Bd7 12. Re1 c6 13. Ba5 Qb8 14. Nbd2 Re8 15.
Qc2 Bf8 16. b4 d5 17. c5 d4 18. Nf1 Nh5 19. Ng3 Nf4 20. Qd2 Qc8 21. Kh2 Bxh3
22. Ng5 Be6 23. Nxe6 Qxe6 24. Rh1 Qg4 25. Qd1 Qg5 26. Qf3 Re6 27. Kg1 Rf6 28.
Qd1 h5 29. Rxh5 Nxh5 30. Nxh5 Rh6 31. Ng3 Qh4 32. Rc1 Re8 33. Kf1 Qf4 0-1

[Event "C.to Regionale Sardegna"]
[Site "Sardara ITA"]
[Date "2011.05.22"]
[Round "3"]
[White "Dessy, Eugenio"]
[Black "Corona, Rafaele"]
[Result "1-0"]
[WhiteElo "1679"]
[BlackElo "1437"]
[PlyCount "75"]
[EventDate "2011.05.23"]

1. d4 d5 2. c4 e6 3. Nc3 c6 4. Nf3 Nf6 5. Bg5 Be7 6. e3 O-O 7. Bd3 h6 8. Bh4
Re8 9. O-O Nbd7 10. cxd5 exd5 11. Re1 Nf8 12. Nd2 Be6 13. Rc1 Qd7 14. Na4 Rac8
15. Nc5 Bxc5 16. Rxc5 Bf5 17. Bf1 Ng6 18. Bxf6 gxf6 19. Qh5 Kh7 20. f3 b6 21.
Rcc1 Rg8 22. Be2 Rg7 23. Nf1 Rcg8 24. Ng3 Be6 25. Bd3 Rh8 26. Nf5 Bxf5 27. Qxf5
Qxf5 28. Bxf5 Rhg8 29. Rxc6 Kh8 30. Rxf6 Kh7 31. Rd6 Kh8 32. Bxg6 Rxg6 33. Rxg6
Rxg6 34. Rc1 Re6 35. Kf2 Kg8 36. b4 Kf8 37. b5 Ke7 38. Rc7+ 1-0

[Event "C.to Regionale Sardegna"]
[Site "Sardara ITA"]
[Date "2011.05.22"]
[Round "3"]
[White "Di Pinto, Vincenzo"]
[Black "Belvisi, Ivano"]
[Result "0-1"]
[WhiteElo "1622"]
[BlackElo "2003"]
[PlyCount "78"]
[EventDate "2011.05.23"]

1. d4 Nf6 2. Bf4 d5 3. e3 Bf5 4. Bd3 e6 5. Bxf5 exf5 6. Qd3 Qc8 7. Ne2 g6 8. c4
Nbd7 9. O-O Bg7 10. Nbc3 Nb6 11. c5 Nbd7 12. b4 O-O 13. Nb5 Ne8 14. Qb3 a6 15.
Nbc3 c6 16. a4 Nef6 17. Ra2 Ne4 18. f3 Nxc3 19. Nxc3 Re8 20. Kf2 Nf8 21. Rfa1
Ne6 22. Bd6 f4 23. exf4 Nxd4 24. Qa3 Nf5 25. Be5 f6 26. Bd6 Nxd6 27. cxd6 f5
28. Re1 Rxe1 29. Kxe1 Qe6+ 30. Re2 Qxd6 31. g3 Kf7 32. Qb3 Re8 33. Rxe8 Kxe8
34. b5 axb5 35. axb5 Qc5 36. Ne2 Qxb5 37. Qe3+ Kf7 38. Nd4 Qb1+ 39. Kf2 Qb2+
0-1

[Event "C.to Regionale Sardegna"]
[Site "Sardara ITA"]
[Date "2011.05.22"]
[Round "3"]
[White "Erriu, Giampiero"]
[Black "Mameli, Gianluca"]
[Result "0-1"]
[WhiteElo "1734"]
[BlackElo "1945"]
[PlyCount "42"]
[EventDate "2011.05.23"]

1. d4 f5 2. g3 Nf6 3. Bg2 Nc6 4. c3 e6 5. Bg5 Be7 6. Nd2 O-O 7. Nh3 d6 8. O-O
Qe8 9. Bxf6 Bxf6 10. e4 e5 11. d5 Ne7 12. f4 Qb5 13. fxe5 Bxe5 14. Qc2 Bd7 15.
Rae1 fxe4 16. Nxe4 Nxd5 17. Neg5 g6 18. c4 Qc5+ 19. Kh1 Ne3 20. Rxf8+ Rxf8 21.
Qd2 Nxg2 0-1

[Event "C.to Regionale Sardegna"]
[Site "Sardara ITA"]
[Date "2011.05.22"]
[Round "3"]
[White "Mallo', Danilo"]
[Black "Deruda, Leonardo"]
[Result "0-1"]
[WhiteElo "1930"]
[BlackElo "1930"]
[PlyCount "126"]
[EventDate "2011.05.23"]

1. d4 Nf6 2. c4 g6 3. Nc3 d5 4. Nf3 Bg7 5. e3 O-O 6. b3 c5 7. Bb2 cxd4 8. Nxd4
Qa5 9. Qc2 e5 10. Nf3 Bf5 11. Qc1 Nc6 12. Nd2 d4 13. Nb5 dxe3 14. fxe3 Ng4 15.
b4 Qd8 16. e4 Be6 17. Qc3 a6 18. Na3 Nd4 19. h3 Qh4+ 20. g3 Qh6 21. Bc1 Qe3+
22. Qxe3 Nxe3 23. Kf2 Nxf1 24. Kxf1 f5 25. Ke1 a5 26. b5 Rac8 27. exf5 gxf5 28.
Bb2 e4 29. Bxd4 Bxd4 30. Rb1 Bc3 31. Ke2 Bxd2 32. Kxd2 Bxc4 33. Nxc4 Rxc4 34.
b6 Rd8+ 35. Ke1 Rc2 36. Rf1 Rd5 37. Rd1 Rxd1+ 38. Kxd1 Rc5 39. a4 Kg7 40. Rf4
Kg6 41. h4 h5 42. Rf2 Rc6 43. Rb2 Kf6 44. Rb3 Rc5 45. Kd2 Ke5 46. Ke3 Rd5 47.
Rc3 Rd3+ 48. Rxd3 exd3 49. Kxd3 f4 50. gxf4+ Kxf4 51. Kd4 Kg4 52. Ke4 Kxh4 53.
Kf4 Kh3 54. Kf3 h4 55. Kf2 Kg4 56. Kg2 Kf4 57. Kh3 Ke4 58. Kxh4 Kd4 59. Kg4 Kc4
60. Kf4 Kb4 61. Ke5 Kxa4 62. Kd6 Kb5 63. Kc7 Ka6 0-1

[Event "C.to Regionale Sardegna"]
[Site "Sardara ITA"]
[Date "2011.05.22"]
[Round "3"]
[White "Masala, Diego"]
[Black "Serra, Emanuele"]
[Result "1/2-1/2"]
[WhiteElo "1849"]
[BlackElo "1786"]
[PlyCount "36"]
[EventDate "2011.05.23"]

1. e4 Nf6 2. Nc3 d5 3. exd5 Nxd5 4. g3 e5 5. Bg2 c6 6. Qe2 Be7 7. Nxd5 cxd5 8.
Qxe5 O-O 9. Qxd5 Qc7 10. c3 Nd7 11. d4 Nf6 12. Qb3 Re8 13. Be3 a5 14. a4 Ra6
15. Qc2 Be6 16. Nf3 Rb6 17. O-O Bb3 18. Qc1 Nd5 1/2-1/2

[Event "C.to Regionale Sardegna"]
[Site "Sardara ITA"]
[Date "2011.05.22"]
[Round "3"]
[White "Murtas, Gianvito"]
[Black "Altea, Giovanni"]
[Result "0-1"]
[WhiteElo "1751"]
[BlackElo "1896"]
[PlyCount "66"]
[EventDate "2011.05.23"]

1. e4 c5 2. Nf3 e6 3. d4 cxd4 4. Nxd4 a6 5. Nc3 Qc7 6. Be3 Nf6 7. Bd3 Bb4 8.
O-O b5 9. Nce2 Bb7 10. Ng3 Be7 11. Re1 d6 12. Qe2 Nbd7 13. Rad1 O-O 14. Bg5 Ne5
15. Kh1 Rac8 16. f4 Nxd3 17. Rxd3 Rfd8 18. Bxf6 Bxf6 19. Nh5 Bxd4 20. Rxd4 Qxc2
21. Qg4 g6 22. Nf6+ Kg7 23. Nh5+ Kh8 24. Nf6 Qxb2 25. Qh4 Kg7 26. Qxh7+ Kxf6
27. e5+ Ke7 28. Qh4+ Ke8 29. Qh8+ Kd7 30. Rxd6+ Kc7 31. Qh3 Rxd6 32. exd6+ Kxd6
33. Qg3 Qxg2+ 0-1

[Event "C.to Regionale Sardegna"]
[Site "Sardara ITA"]
[Date "2011.05.22"]
[Round "3"]
[White "Murtas, Paolo"]
[Black "Maldarelli, Lorenzo"]
[Result "0-1"]
[WhiteElo "1515"]
[BlackElo "1813"]
[PlyCount "46"]
[EventDate "2011.05.23"]

1. d4 Nf6 2. Nf3 c5 3. c3 e6 4. Bg5 g6 5. e3 Bg7 6. Bd3 b6 7. Nbd2 Ba6 8. Bxa6
Nxa6 9. O-O h6 10. Bf4 O-O 11. Qe2 Nc7 12. e4 d6 13. h3 Nfe8 14. Rfe1 f5 15. e5
g5 16. Bh2 d5 17. Rad1 g4 18. hxg4 fxg4 19. dxc5 gxf3 20. Nxf3 bxc5 21. Qe3 Qe7
22. Bf4 d4 23. cxd4 Nd5 0-1

[Event "C.to Regionale Sardegna"]
[Site "Sardara ITA"]
[Date "2011.05.22"]
[Round "3"]
[White "Neri, Luca"]
[Black "Pannella, Antonello"]
[Result "1/2-1/2"]
[WhiteElo "1639"]
[BlackElo "1511"]
[PlyCount "72"]
[EventDate "2011.05.23"]

1. e4 e6 2. d4 d5 3. Nc3 c5 4. Nf3 Bd7 5. Bf4 Nf6 6. exd5 Nxd5 7. Nxd5 exd5 8.
dxc5 Qe7+ 9. Qe2 Qxe2+ 10. Bxe2 Bxc5 11. O-O O-O 12. Rad1 Be6 13. Nd4 Nc6 14.
Nb3 Bb6 15. Bf3 Rad8 16. Rd2 Rd7 17. Rfd1 Rfd8 18. h4 h6 19. c3 d4 20. Bxc6
bxc6 21. Nxd4 Bxd4 22. Rxd4 Rd5 23. Rxd5 Rxd5 24. Rxd5 Bxd5 25. a3 Bb3 26. Kf1
Kf8 27. Ke2 Ke8 28. Kd3 Kd7 29. Kd4 Bd5 30. g3 f6 31. Kc5 g5 32. hxg5 hxg5 33.
Bb8 a6 34. c4 Be4 35. Kb6 Bd3 36. c5 g4 1/2-1/2

[Event "C.to Regionale Sardegna"]
[Site "Sardara ITA"]
[Date "2011.05.22"]
[Round "3"]
[White "Palmas, Alessandro"]
[Black "Toniolo, Massimo"]
[Result "1-0"]
[WhiteElo "1826"]
[BlackElo "1748"]
[PlyCount "76"]
[EventDate "2011.05.23"]

1. d4 Nf6 2. c4 c5 3. d5 b5 4. cxb5 a6 5. Be3 d6 6. bxa6 g6 7. Nc3 Nxa6 8. g3
Bg7 9. Qd2 O-O 10. a3 Bb7 11. Bg2 Qa5 12. Nh3 Nc7 13. O-O Rfe8 14. Rfd1 Reb8
15. Bh6 Bh8 16. e4 Ng4 17. Qg5 Nxh6 18. Qxh6 Bg7 19. Qd2 Bc8 20. Ra2 Rb3 21.
Ne2 Qb6 22. Rb1 Raxa3 23. Rxa3 Rxa3 24. b4 Ra4 25. b5 Nxb5 26. Bf1 Qa5 27. Qg5
Rxe4 28. Kg2 Re5 29. Qc1 Rxd5 30. Nef4 Bb7 31. Nxd5 Bxd5+ 32. Kg1 Nd4 33. Rb8+
Bf8 34. Nf4 Nf3+ 35. Kh1 Bc6 36. Bg2 Nd4 37. h4 Bxg2+ 38. Kxg2 Qa3 1-0

[Event "C.to Regionale Sardegna"]
[Site "Sardara ITA"]
[Date "2011.05.22"]
[Round "3"]
[White "Pitzanti, Matteo"]
[Black "Caredda, Giuseppe"]
[Result "1-0"]
[WhiteElo "1500"]
[BlackElo "1608"]
[PlyCount "119"]
[EventDate "2011.05.23"]

1. e4 c5 2. Nf3 Nc6 3. b4 Nxb4 4. c3 Nc6 5. d4 e6 6. d5 exd5 7. exd5 Qe7+ 8.
Be2 Ne5 9. O-O d6 10. Bf4 Bg4 11. Nxe5 Bxe2 12. Qxe2 dxe5 13. Qxe5 Qxe5 14.
Bxe5 f6 15. Bg3 Rd8 16. c4 Bd6 17. Nc3 Bxg3 18. fxg3 Kf7 19. Ne4 b6 20. Ng5+
Kg6 21. Ne6 Rc8 22. d6 Nh6 23. d7 Rb8 24. d8=Q Rbxd8 25. Nxd8 Rxd8 26. Rad1 Rd4
27. Rxd4 cxd4 28. Rf4 Nf5 29. g4 Kg5 30. Rxf5+ Kxg4 31. Rd5 Kf4 32. Rxd4+ Ke5
33. Rd7 g6 34. Rxa7 Kd4 35. Ra6 Kc5 36. a4 h5 37. a5 bxa5 38. Rxa5+ Kxc4 39.
Ra6 g5 40. Rxf6 Kd4 41. Rf5 g4 42. Rxh5 Ke4 43. Kf2 Kf4 44. g3+ Ke4 45. h3 gxh3
46. Rxh3 Kf5 47. Kf3 Kg5 48. g4 Kg6 49. Kf4 Kg7 50. Kg5 Kf7 51. Rh6 Kg7 52. Ra6
Kf7 53. Kh6 Kf8 54. Ra7 Ke8 55. Kg6 Kf8 56. Rc7 Ke8 57. Rf7 Kd8 58. Kf6 Ke8 59.
Rh7 Kd8 60. Ke6 1-0

[Event "C.to Regionale Sardegna"]
[Site "Sardara ITA"]
[Date "2011.05.22"]
[Round "3"]
[White "Puzzoni, Christian"]
[Black "Marano, Daniele"]
[Result "1/2-1/2"]
[WhiteElo "2089"]
[BlackElo "1663"]
[PlyCount "58"]
[EventDate "2011.05.23"]

1. e4 e5 2. Nc3 Nf6 3. Nf3 Nc6 4. d4 exd4 5. Nd5 Bb4+ 6. Nxb4 Nxb4 7. e5 Qe7 8.
Be2 Ng4 9. O-O Nxe5 10. Nxd4 O-O 11. f4 Nec6 12. Nb3 Re8 13. Bf3 d6 14. Bd2 Bf5
15. Bxb4 Nxb4 16. Nd4 Be4 17. Re1 d5 18. c3 Nd3 19. Re3 Nxf4 20. Qf1 Qg5 21.
Rae1 f5 22. Bxe4 fxe4 23. Rg3 Qf6 24. Qb5 Rf8 25. h3 Nh5 26. Qxd5+ Qf7 27.
Qxf7+ Rxf7 28. Rge3 Raf8 29. Rxe4 Ng3 1/2-1/2

[Event "C.to Regionale Sardegna"]
[Site "Sardara ITA"]
[Date "2011.05.22"]
[Round "3"]
[White "Ricci, Maurizio"]
[Black "Putzolu, Marcello"]
[Result "0-1"]
[WhiteElo "1287"]
[BlackElo "1824"]
[PlyCount "64"]
[EventDate "2011.05.23"]

1. d4 d5 2. c4 Nf6 3. Nf3 e6 4. Nc3 Be7 5. e3 b6 6. Bd3 Bb7 7. O-O O-O 8. Qc2
c5 9. Re1 dxc4 10. Bxc4 Bxf3 11. gxf3 cxd4 12. exd4 Qxd4 13. Ne2 Qh4 14. Nd4
Bd6 15. Kf1 Qxd4 16. Rd1 Qc5 17. Be3 Qc7 18. Rd4 b5 19. Bd3 Qxc2 20. Bxc2 Bc5
21. Rh4 Bxe3 22. fxe3 Nbd7 23. Rd1 Ne5 24. Kf2 Rfd8 25. Rdd4 Rxd4 26. Rxd4 Kf8
27. h3 Ke7 28. a3 Rd8 29. Rxd8 Kxd8 30. f4 Nc4 31. b4 Nxa3 32. Ke2 Nxc2 0-1

[Event "C.to Regionale Sardegna"]
[Site "Sardara ITA"]
[Date "2011.05.22"]
[Round "3"]
[White "Sanna, Yuri"]
[Black "Neri, Enzo"]
[Result "0-1"]
[WhiteElo "1779"]
[BlackElo "2099"]
[PlyCount "68"]
[EventDate "2011.05.23"]

1. d4 d5 2. Nc3 Nf6 3. Bg5 Bf5 4. f3 Bg6 5. e4 dxe4 6. Bc4 c6 7. Bxf6 exf6 8.
fxe4 Bb4 9. Qd3 O-O 10. Nge2 Re8 11. O-O b5 12. Bb3 Bxc3 13. Qxc3 Bxe4 14. Nf4
Nd7 15. Qg3 Nf8 16. Nh5 Bg6 17. Nf4 Qxd4+ 18. Kh1 Re3 19. Qh4 Qxb2 20. Rad1 a5
21. c4 a4 22. cxb5 axb3 23. a4 cxb5 24. axb5 Bc2 25. Qf2 Ree8 26. Nd5 Ra2 27.
Rd4 Ra1 28. Nxf6+ gxf6 29. Rg4+ Bg6 30. Rxg6+ hxg6 31. Qg1 Rea8 32. b6 Rxf1 33.
b7 Qc1 34. bxa8=N Rxg1# 0-1

[Event "C.to Regionale Sardegna"]
[Site "Sardara ITA"]
[Date "2011.05.22"]
[Round "4"]
[White "Altea, Giovanni"]
[Black "Boi, Fausto"]
[Result "1-0"]
[WhiteElo "1896"]
[BlackElo "1812"]
[PlyCount "147"]
[EventDate "2011.05.23"]

1. e4 e6 2. d4 d6 3. Bd3 Nd7 4. Nf3 g6 5. O-O Bg7 6. c3 Ne7 7. Bg5 h6 8. Be3 e5
9. h3 g5 10. Nh2 Ng6 11. Na3 a6 12. Nc2 O-O 13. Qd2 Re8 14. Rad1 Ndf8 15. Qe2
Ne6 16. Bc4 Nef4 17. Bxf4 Nxf4 18. Qf3 exd4 19. Nxd4 Qe7 20. Rfe1 Ng6 21. Bb3
Ne5 22. Qh5 Qf6 23. Re3 Rf8 24. Nhf3 Be6 25. Nxe5 Qxe5 26. Bc2 Rae8 27. Rde1
Rc8 28. Nf5 Qf6 29. h4 gxh4 30. Rh3 Bxf5 31. exf5 Rce8 32. Rhe3 Rxe3 33. Rxe3
Kh8 34. Re4 b5 35. Rxh4 Re8 36. Re4 Rxe4 37. Bxe4 a5 38. Qe2 Qe5 39. Qd3 c5 40.
g3 c4 41. Qf3 Kg8 42. Kg2 Kf8 43. Bc6 Ke7 44. Qg4 Kf8 45. Qh4 f6 46. Qh5 b4 47.
cxb4 axb4 48. Bd7 Qe7 49. Be6 c3 50. bxc3 bxc3 51. Qe2 Qc7 52. Bc4 d5 53. Bb3
Qe7 54. Qd3 Qe4+ 55. Qxe4 dxe4 56. Bc2 Ke7 57. Bxe4 Kd6 58. Kf3 Kc5 59. Ke3 Kb4
60. Kd3 Bf8 61. Bd5 Bc5 62. f3 Bf2 63. g4 Be1 64. Bb3 Bd2 65. Ke4 Bg5 66. Kd5
Bf4 67. Ke6 Be5 68. Kf7 Ka3 69. Kg6 c2 70. Bxc2 Kxa2 71. Kxh6 Kb2 72. Be4 Kc3
73. Kg6 Kc4 74. f4 1-0

[Event "C.to Regionale Sardegna"]
[Site "Sardara ITA"]
[Date "2011.05.22"]
[Round "4"]
[White "Belvisi, Ivano"]
[Black "Puzzoni, Christian"]
[Result "1-0"]
[WhiteElo "2003"]
[BlackElo "2089"]
[PlyCount "109"]
[EventDate "2011.05.23"]

1. d4 c5 2. e4 e6 3. c3 d5 4. exd5 exd5 5. Bb5+ Nc6 6. Qe2+ Be6 7. Nf3 Be7 8.
dxc5 Bxc5 9. Ng5 Qf6 10. Nxe6 fxe6 11. Be3 Bd6 12. Bd4 e5 13. Nd2 Nge7 14. Be3
O-O 15. Nf3 h6 16. O-O-O Rac8 17. Kb1 d4 18. cxd4 Nb4 19. Ba4 Qf5+ 20. Ka1 Nc2+
21. Bxc2 Rxc2 22. Qd3 Qxd3 23. Rxd3 e4 24. Rd2 Rc7 25. Ne5 Nd5 26. a3 b5 27.
Rdd1 b4 28. Rc1 bxa3 29. Rxc7 axb2+ 30. Kxb2 Bxc7 31. Nd7 Rf7 32. Nc5 Nxe3 33.
fxe3 Rf2+ 34. Kc3 Re2 35. Kc4 Rxe3 36. Kd5 Re2 37. g3 e3 38. Ke4 Bb6 39. Kd3
Ra2 40. Kxe3 a5 41. Rb1 Bxc5 42. dxc5 Rxh2 43. Rc1 Rb2 44. c6 Rb8 45. c7 Rc8
46. Ke4 Kf7 47. Kd5 Ke7 48. Kc6 Kf6 49. Rc5 g5 50. g4 h5 51. gxh5 g4 52. Rxa5
g3 53. Kb7 g2 54. Ra1 Rg8 55. Rg1 1-0

[Event "C.to Regionale Sardegna"]
[Site "Sardara ITA"]
[Date "2011.05.22"]
[Round "4"]
[White "Corona, Rafaele"]
[Black "Murtas, Paolo"]
[Result "1-0"]
[WhiteElo "1437"]
[BlackElo "1515"]
[PlyCount "75"]
[EventDate "2011.05.23"]

1. d4 e6 2. Nc3 d5 3. Qd3 Nf6 4. Bg5 Be7 5. f3 Nbd7 6. O-O-O O-O 7. e4 dxe4 8.
fxe4 Re8 9. Nf3 c6 10. h4 a6 11. e5 Nd5 12. Bxe7 Qxe7 13. g4 Nxc3 14. Qxc3 Nb6
15. Qd3 Nd5 16. a3 Rd8 17. Ng5 g6 18. Ne4 b5 19. g5 Bb7 20. Nf6+ Nxf6 21. gxf6
Qf8 22. Kb1 c5 23. Rh2 Rxd4 24. Qe2 Rxd1+ 25. Qxd1 Rd8 26. Qg4 Rd4 27. Qe2 Re4
28. Qd1 Rd4 29. Qe2 Qd8 30. h5 Re4 31. Qf2 Qd1+ 32. Ka2 Qd5+ 33. b3 Rxe5 34.
hxg6 fxg6 35. f7+ Kf8 36. Rxh7 Rf5 37. Qh2 Rxf7 38. Qb8+ 1-0

[Event "C.to Regionale Sardegna"]
[Site "Sardara ITA"]
[Date "2011.05.22"]
[Round "4"]
[White "Deruda, Leonardo"]
[Black "Marano, Daniele"]
[Result "1-0"]
[WhiteElo "1930"]
[BlackElo "1663"]
[PlyCount "115"]
[EventDate "2011.05.23"]

1. c4 e5 2. g3 Nc6 3. Nc3 Bb4 4. Nd5 Be7 5. Bg2 Nf6 6. Nxe7 Qxe7 7. d3 h6 8.
Nf3 d6 9. O-O Bf5 10. b4 O-O 11. b5 Nd8 12. a4 Rb8 13. Be3 b6 14. a5 Nb7 15.
axb6 axb6 16. Ne1 e4 17. h3 d5 18. Nc2 dxc4 19. Nd4 Bd7 20. dxc4 Rfd8 21. Qc2
Na5 22. Rfc1 c5 23. bxc6 Nxc6 24. Nxc6 Bxc6 25. Rd1 Qb7 26. Rab1 Rxd1+ 27. Qxd1
Qa6 28. Qd6 Rc8 29. Rxb6 Qxc4 30. Rb1 Qd5 31. Qxd5 Bxd5 32. Rc1 Ra8 33. Bd4 e3
34. Bxe3 Bxg2 35. Kxg2 Ra2 36. Kf3 Kh7 37. Bd4 Ra3+ 38. e3 Nd5 39. Rc5 Nb4 40.
Rc7 Kg6 41. Rc5 Ra2 42. Rc3 Nc2 43. Rc6+ f6 44. Bc3 Ra4 45. g4 Na3 46. Rc5 Nc4
47. Kg3 Nd6 48. f3 Ra2 49. Rd5 Nc4 50. Rd3 Re2 51. e4 Nb2 52. Bxb2 Rxb2 53. h4
Rb1 54. h5+ Kh7 55. Rd2 Rb5 56. Rd1 Re5 57. Rd5 Re8 58. Kf4 1-0